000 00461nam a2200157 4500
001 140369
003 ES-MaACL
005 20230906200050.0
007 t|
008 070214s1999 sp r ||||1| spa d
100 1 _aSegura, Julio.
_9105210
245 1 0 _aAnálisis microeconómico superior
_b: asignación y precios /
_cJulio Segura.
260 _aMadrid :
_bSaltés,
_c[1982] (
_fLavel)
300 _a421 p. ;
_c24 cm.
852 _aES-MaACL
_jL-2732
_bR.103339
999 _c140369
_d140369